000 00291nam a2200121Ia 4500
008 150201s2013 xx 000 0 und d
082 _a6.7
_bBLA
100 _aBlack Book
245 _aWeb technologies
260 _bDreamtech Press
_aNew Delhi
_c2013
300 _a1354p.
942 _2ddc
_cBK
_013
999 _c5617
_d5617